5HLuxD.jpg

KING HENRY VIII SENIOR AND PRIMARY SCHOOL LIBRARY OPAC

The pet dragon : (Record no. 4285)

000 -LEADER
fixed length control field 01346cam a2200337 a 4500
001 - CONTROL NUMBER
control field 15158826
003 - CONTROL NUMBER IDENTIFIER
control field OSt
005 - DATE AND TIME OF LATEST TRANSACTION
control field 20250204171215.0
008 - FIXED-LENGTH DATA ELEMENTS--GENERAL INFORMATION
fixed length control field 080128s2008 nyua b 000 1 eng
010 ## - LIBRARY OF CONGRESS CONTROL NUMBER
LC control number 2007050883
020 ## - INTERNATIONAL STANDARD BOOK NUMBER
International Standard Book Number 9780061577765 (trade bdg.)
020 ## - INTERNATIONAL STANDARD BOOK NUMBER
International Standard Book Number 9780061577772 (lib. bdg.)
040 ## - CATALOGING SOURCE
Original cataloging agency DLC
Transcribing agency DLC
Modifying agency DLC
042 ## - AUTHENTICATION CODE
Authentication code lcac
050 00 - LIBRARY OF CONGRESS CALL NUMBER
Classification number PZ7.N56848
Item number Pet 2008
082 00 - DEWEY DECIMAL CLASSIFICATION NUMBER
Classification number 823.3
Edition number 22
100 1# - MAIN ENTRY--PERSONAL NAME
Personal name Niemann, Christoph.
245 14 - TITLE STATEMENT
Title The pet dragon :
Remainder of title a story about adventure, friendship, and Chinese characters /
Statement of responsibility, etc. Christoph Niemann.
250 ## - EDITION STATEMENT
Edition statement 1st ed.
260 ## - PUBLICATION, DISTRIBUTION, ETC.
Place of publication, distribution, etc. New York :
Name of publisher, distributor, etc. Greenwillow Books,
Date of publication, distribution, etc. c2008.
300 ## - PHYSICAL DESCRIPTION
Extent 1 v. (unpaged) :
Other physical details col. ill. ;
Dimensions 31 cm.
520 ## - SUMMARY, ETC.
Summary, etc. When Lin's beloved pet dragon disappears, she searches for him far and wide until a witch helps her to reach the dragon's new home. Introduces a different Chinese character on each step of Lin's adventure.
650 #1 - SUBJECT ADDED ENTRY--TOPICAL TERM
Topical term or geographic name entry element Dragons
Form subdivision Fiction.
650 #1 - SUBJECT ADDED ENTRY--TOPICAL TERM
Topical term or geographic name entry element Pets
Form subdivision Fiction.
650 #1 - SUBJECT ADDED ENTRY--TOPICAL TERM
Topical term or geographic name entry element Witches
Form subdivision Fiction.
650 #1 - SUBJECT ADDED ENTRY--TOPICAL TERM
Topical term or geographic name entry element Adventure and adventurers
Form subdivision Fiction.
650 #1 - SUBJECT ADDED ENTRY--TOPICAL TERM
Topical term or geographic name entry element Chinese characters
Form subdivision Fiction.
906 ## - LOCAL DATA ELEMENT F, LDF (RLIN)
a 7
b cbc
c orignew
d 1
e ecip
f 20
g y-gencatlg
942 ## - ADDED ENTRY ELEMENTS (KOHA)
Source of classification or shelving scheme
Koha item type Books - Fiction
Holdings
Withdrawn status Lost status Source of classification or shelving scheme Damaged status Not for loan Collection code Permanent Location Current Location Shelving location Date acquired Total Checkouts Full call number Barcode Date last seen Date last checked out Price effective from Koha item type Public note
          Fiction KH8 Primary School Library KH8 Primary School Library Fiction 2025-02-04 1 823.3 KHPL000005089 2025-12-05 2025-02-18 2025-02-04 Books - Fiction KH8 PRIMARY LIBRARY

Powered By KH8 IT Dept